Table Talk : Conversations with Leaders : Volume II (Record no. 47291)

MARC details
000 -LEADER
fixed length control field 00672nam a22001817a 4500
005 - DATE AND TIME OF LATEST TRANSACTION
control field 20260218155030.0
008 - FIXED-LENGTH DATA ELEMENTS--GENERAL INFORMATION
fixed length control field 260218b |||||||| |||| 00| 0 eng d
020 ## - INTERNATIONAL STANDARD BOOK NUMBER
International Standard Book Number 9789393875112
040 ## - CATALOGING SOURCE
Transcribing agency VITAP
082 ## - DEWEY DECIMAL CLASSIFICATION NUMBER
Edition number 23rd Ed.
Classification number 658.4 KAM
245 ## - TITLE STATEMENT
Title Table Talk : Conversations with Leaders : Volume II
Statement of responsibility, etc. / Edited by Vinay Kamath and Parimala S Rao
260 ## - PUBLICATION, DISTRIBUTION, ETC.
Place of publication, distribution, etc. Chennai
Name of publisher, distributor, etc. THG (The Hindu Group) Publishing Private Limited & Businessline
Date of publication, distribution, etc. 2025
300 ## - PHYSICAL DESCRIPTION
Extent 167p. : ill. ; 23cm
Other physical details Volume II
650 #0 - SUBJECT ADDED ENTRY--TOPICAL TERM
Topical term or geographic name entry element Leadership - India; Executives - India - Interviews
9 (RLIN) 17117
700 ## - ADDED ENTRY--PERSONAL NAME
Personal name Kamath, Vinay
9 (RLIN) 17119
Relator term Editor
700 ## - ADDED ENTRY--PERSONAL NAME
Personal name Rao, Parimala S
9 (RLIN) 17120
Relator term Editor
942 ## - ADDED ENTRY ELEMENTS (KOHA)
Source of classification or shelving scheme Dewey Decimal Classification
Koha item type Text Book
Holdings
Withdrawn status Lost status Source of classification or shelving scheme Materials specified (bound volume or other part) Damaged status Not for loan Collection code Home library Current library Shelving location Date acquired Source of acquisition Cost, normal purchase price Inventory number Total Checkouts Full call number Barcode Date last seen Cost, replacement price Price effective from Koha item type Public note
    Dewey Decimal Classification Paper Back     Reference School of Business & General Section VIT-AP Reference 2026-01-12 The Hindu Group of Publications 299.00 9001173329   658.4 KAM 025480 2026-02-18 299.00 2026-01-12 Reference Book GEN
    Dewey Decimal Classification Paper Back       School of Business & General Section VIT-AP General Stacks 2026-01-12 The Hindu Group of Publications 299.00 9001173329   658.4 KAM 025481 2026-02-18 299.00 2026-01-12 Text Book GEN

Visitor Number: